Reforma systému sociálneho zabezpečenia by prospela aj kapitálovému trhu

Fondový systém sociálneho zabezpečenia by mal pozitívny vplyv aj na slovenský kapitálový trh. Ozdraveniu ekonomiky by pomohli zahraničné investície, ale zdravý rozvoj by mal byť financovaný prevažne z vlastných finančných zdrojov. Základné systémy financovania. Doplnkové poistenie. Negatívny trend d...

Descrizione completa

Salvato in:
Dettagli Bibliografici
Autore principale: Kopál, Róbert
Natura: Capitolo di libro
Lingua:slovacco
Soggetti:
Tags: Aggiungi Tag
Nessun Tag, puoi essere il primo ad aggiungerne!!

MARC

LEADER 00000naa a2200000 4500
001 r035407
005 20230921103825.4
041 0 |a slo 
044 |a SK 
245 1 0 |a Reforma systému sociálneho zabezpečenia by prospela aj kapitálovému trhu  |c Róbert Kopál 
520 |a Fondový systém sociálneho zabezpečenia by mal pozitívny vplyv aj na slovenský kapitálový trh. Ozdraveniu ekonomiky by pomohli zahraničné investície, ale zdravý rozvoj by mal byť financovaný prevažne z vlastných finančných zdrojov. Základné systémy financovania. Doplnkové poistenie. Negatívny trend demografického vývoja na Slovensku. 
610 2 0 |a trh kapitálový 
610 2 0 |a zabezpečenie sociálne 
610 2 0 |a zdroje finančné 
610 2 0 |a zdroje finančné vlastné 
610 2 0 |a fondy penzijné 
610 2 0 |a zabezpečenie dôchodkové 
610 2 0 |a poistenie dôchodkové doplnkové 
610 2 0 |a demografia 
610 2 0 |a Slovensko 
610 2 0 |a investície zahraničné 
100 1 |a Kopál, Róbert